La evolución del espíritu europeo

שמור ב:
מידע ביבליוגרפי
מחבר ראשי: Dumont-Wilden, L (Author)
פורמט: ספר
שפה:ספרדית
יצא לאור: Santiago Letras 1938
נושאים:
תגים: הוספת תג
אין תגיות, היה/י הראשונ/ה לתייג את הרשומה!

MARC

LEADER 00000nam a2200000 a 4500
001 UCW6399
003 CL-VaPUC
008 911206e19380000CL |||||||||||||||||spa|d
082 0 4 |a 320.9  |b DUM  |2 21 
100 0 |a Dumont-Wilden, L  |e author  |9 311450 
245 1 3 |a La evolución del espíritu europeo 
300 |a 173 p 
942 |c BK 
945 |d 19911206 00:00:00 
260 |a Santiago  |b Letras  |c 1938 
650 0 |a Ciencias Políticas  |9 255201 
651 0 |a Europa  |9 255156 
583 |a last modification  |c 20180327 04:28:36  |k Rodrigo Vera 
999 |c 219474  |d 219472 
952 |0 0  |1 0  |4 0  |6 320_900000000000000_DUM_1938  |7 0  |8 P  |9 210430  |a BIBEDU  |b BIBEDU  |c BIBEDU_PB  |d 2019-11-15  |i 2785625  |o 320.9 DUM 1938  |p 2785625  |r 2024-01-25  |w 2019-11-15  |y BK  |k EDU 
952 |0 0  |1 0  |4 0  |6 320_900000000000000_DUM_1938  |7 0  |8 X  |9 210431  |a BIBHIS  |b BIBHIS  |d 2019-11-15  |i 2785633  |o 320.9 DUM 1938  |p 2785633  |r 2024-01-30  |w 2019-11-15  |y BK_X  |k HIS